| 000 | 01147nam0a22002651 4500 | ||
|---|---|---|---|
| 001 | rc\882303 | ||
| 005 | 20260406232010.0 | ||
| 035 | _a(NLR Aleph) 006059851 | ||
| 090 |
_a4897322 _c4897322 |
||
| 100 | _a20041129d1983 |||y0rusy50 ca | ||
| 101 | 0 | _arus | |
| 102 | _aRU | ||
| 105 | _aa ||||||||| | ||
| 200 | 1 |
_aЗаслуженный художник РСФСР Ирина Воробьева _eГрафика _e[Каталог произведений] _f[Вступ. статья Ю.П. Кузнецовой] |
|
| 210 |
_aМ. _cСов. художник _d1983 |
||
| 215 |
_a[31] с. _cил., цв. ил. _d22 |
||
| 300 | _aВ надзаг.: Союз художников РСФСР, Моск. обл. орг. | ||
| 700 | 1 |
_7ca _8rus _aВоробьева _bИ. Н. _cхудожник _f1932-1993 _gИрина Николаевна _9124963 _3RU\NLR\AUTH\7715307 |
|
| 712 | 0 | 2 |
_aСоюз художников РСФСР _bМосковская областная организация _9465033 _3RU\NLR\AUTH\889984685 |
| 801 | 0 |
_aRU _bNLR _gpsbo |
|
| 801 | 1 |
_aRU _bELAR _2rusmarc |
|
| 852 |
_aNLR _bЭ _jКП/В751 |
||
| 942 | _cBOOK | ||
| 980 | _aNB | ||